Detalles MARC
| 000 -LEADER |
| campo de control de longitud fija |
02256nam a22003977a 4500 |
| 001 - NÚMERO DE CONTROL |
| campo de control |
42835 |
| 003 - IDENTIFICADOR DE NÚMERO DE CONTROL |
| campo de control |
gtgccic |
| 005 - FECHA Y HORA DE LA ÚLTIMA TRANSACCIÓN |
| campo de control |
20251014150558.0 |
| 007 - CAMPO FIJO DE DESCRIPCIÓN FÍSICA--INFORMACIÓN GENERAL |
| campo de control de longitud fija |
ta |
| 008 - DATOS DE LONGITUD FIJA--INFORMACIÓN GENERAL |
| campo de control de longitud fija |
251014b gt ||||| |||| 00| 0 spa d |
| 040 ## - FUENTE DE CATALOGACIÓN |
| Centro catalogador/agencia de origen |
gtgccic |
| Lengua de catalogación |
spa |
| Centro/agencia transcriptor |
gtgccic |
| Normas de descripción |
rda |
| 084 ## - OTRO NÚMERO DE CLASIFICACIÓN |
| Número de control del registro de autoridad o número normalizado |
TPI-15-0066 |
| 100 10 - ENTRADA PRINCIPAL--NOMBRE DE PERSONA |
| Nombre de persona |
Rubén Darío Crespo Valenzuela |
| Fechas asociadas al nombre |
Ingeniero en Ciencias y Sistemas |
| Término indicativo de función/relación |
autor |
| 245 10 - MENCIÓN DEL TÍTULO |
| Título |
Sistema informático para la getión ganadera bovina en Guatemala / |
| Mención de responsabilidad, etc. |
Crespo Valenzuela, Rubén Darío |
| 264 #1 - PRODUCCIÓN, PUBLICACIÓN, DISTRIBUCIÓN, FABRICACIÓN Y COPYRIGHT |
| Producción, publicación, distribución, fabricación y copyright |
Guatemala, Guatemala : |
| Nombre del de productor, editor, distribuidor, fabricante |
USAC, Facultad de Ingeniería ; |
| Fecha de producción, publicación, distribución, fabricación o copyright |
2015.- |
| 300 ## - DESCRIPCIÓN FÍSICA |
| Extensión |
xx, 124 p. : |
| Otras características físicas |
il. ; |
| Dimensiones |
27 cm |
| 336 ## - TIPO DE CONTENIDO |
| Fuente |
rdacontenido |
| Término de tipo de contenido |
Texto |
| Código de tipo de contenido |
txt |
| 337 ## - TIPO DE MEDIO |
| Fuente |
rdamedio |
| Nombre/término del tipo de medio |
sin mediación |
| Código del tipo de medio |
n |
| 338 ## - TIPO DE SOPORTE |
| Fuente |
rdasoporte |
| Nombre/término del tipo de soporte |
volumen |
| Código del tipo de soporte |
nc |
| 502 ## - NOTA DE TESIS |
| Nota de tesis |
Tesis Postgrado |
| Tipo de título |
MAESTRO EN TECNOLOGÍAS DE LA INFORMACIÓN Y LA COMUNICACIÓN |
| Nombre de la institución que otorga el título |
USAC, Facultad de Ingeniería, Escuela de Postgrado |
| Año de obtención del título |
2015 |
| Identificador de la tesis |
TPI-15-0066 |
| 504 ## - NOTA DE BIBLIOGRAFÍA, ETC. |
| Nota de bibliografía, etc. Nota |
Bibliografía pag. 117 |
| 505 ## - NOTA DE CONTENIDO CON FORMATO |
| Título |
1. ANTECEDENTES |
| 505 ## - NOTA DE CONTENIDO CON FORMATO |
| Título |
2. JUSTIFICACIÓN |
| 505 ## - NOTA DE CONTENIDO CON FORMATO |
| Título |
3. ALCANCES |
| 505 ## - NOTA DE CONTENIDO CON FORMATO |
| Título |
4. MARCO TEÓRICO |
| 505 ## - NOTA DE CONTENIDO CON FORMATO |
| Título |
5. OPORTUNIDAD EMPRESARIAL |
| 505 ## - NOTA DE CONTENIDO CON FORMATO |
| Título |
6. DESCRIPCIÓN DE SERVICIOS Y PRODUCTOS |
| 505 ## - NOTA DE CONTENIDO CON FORMATO |
| Título |
7. PRESENTACIÓN DE RESULTADOS |
| 505 ## - NOTA DE CONTENIDO CON FORMATO |
| Título |
8. DISCUSIÓN DE RESULTADOS |
| 520 #3 - RESUMEN, ETC. |
| Sumario, etc. |
En este documento encontrará una descripción general sobre la propuesta de implementación de un modelo de negocio para la automatización informática de la gestión ganadera, y así incursionar en el mercado de la tecnología de la información en la región. Los servicios y productos de tecnología están enfocados únicamente al sector ganadero; permitiendo ofrecer las herramientas informáticas especializadas, confiables, personalizables que soporten todo el proceso de la producción ganadera. En el sector productivo ganadero, se puede observar la falta de herramientas tecnológicas que les permita hacer su negocio, una empresa que no solo ofrezca productos de calidad y uso eficiente de los recursos, sino también una herramienta estratégica para asegurar la continuidad del negocio. |
| 650 ## - PUNTO DE ACCESO ADICIONAL DE MATERIA--TÉRMINO DE MATERIA |
| Término de materia o nombre geográfico como elemento de entrada |
INDUSTRIA GANADERA |
| 650 ## - PUNTO DE ACCESO ADICIONAL DE MATERIA--TÉRMINO DE MATERIA |
| Término de materia o nombre geográfico como elemento de entrada |
TECNOLOGÍA DE LA INFORMACIÓN |
| 700 ## - ENTRADA AGREGADA--NOMBRE PERSONAL |
| Nombre de persona |
Ing. Otto Amilcar Rodríguez Acosta |
| Término indicativo de función/relación |
asesor |
| 942 ## - ELEMENTOS DE ENTRADA SECUNDARIOS (KOHA) |
| Fuente de la clasificación o esquema de estantería |
Clasificación Decimal Dewey |
| Tipo de ítem Koha |
TESISPOSTGRADO |
| 945 ## - PROCESAMIENTO DE INFORMACIÓN LOCAL (OCLC) |
| a |
amlo |